01113nam a2200241 a 450000100100000000500170001000800410002704000250006808200180009311100760011124500720018726000940025930000200035359000270037365000320040065000520043265000530048465000420053791000370057995201160061695201220073299900170085400002592420240521134623.0110224s2001 dr 000 0 spa d aDO-SdBNPbspacBNPHU a354.34bC748p2 aConferencia de plenipotenciariosd(2001 may. 22-23 :cEstocolmo)95278310aConvenio de Estocolmo sobre contaminantes orgánicos persistentes. aSanto Domingo :bSecretaría de Estado de Médico Ambiente y Recursos Naturales,c2001. a45 p. ;c21 cm. aInventariado, 2018/MFF 0aPolítica ambiental 97280 4aContaminantes orgánicosxLegislación952784 4aContaminantes persistentesxLegislación952785 4aProtección del medio ambiente94185 aValidado. Control de calidad EMS 0010718PDaPDbPDcHDd2011-02-24iLF1l0o354.34 C748pp25924-10r2020-06-25w2020-06-25yLFPDZNo se presta 0010718PDaPDbPDcHDd2013-06-25iLF1l0o354.34 C748pp25924-20r2020-06-25te. 2w2020-06-25yLFPDZNo se presta c25416d25416